000 00641nam a22002057a 4500
003 0
005 20231023125135.0
008 231023b xxu||||| |||| 00| 0 eng d
020 _a978-1-98467-945-1
050 _aHF 5823
_b.T57 2023
110 _a3G E-learning
245 _aAdvertising concepts and applications
_c3G E-learning
250 _aSecond edition
260 _aNew York
_b3G E-learning, LLC
_cc2023.
300 _axii, 45 pages :
_bcolored illustrations ;
_c28 cm.
_e1 DVD.
500 _aAdvertising.
504 _aIncludes bibliographical references, glossary, and index.
650 _aAdvertising.
942 _2lcc
_cBK
999 _c365544
_d365544